| 000 | 00584nam a22001577a 4500 | ||
|---|---|---|---|
| 003 | OSt | ||
| 005 | 20150908120920.0 | ||
| 008 | 150908b xxu||||| |||| 00| 0 eng d | ||
| 040 | _cRUA | ||
| 082 | _aAGR ឃឹម 1992 B005 Or.1 | ||
| 100 |
_9145 _aឃឹម ចន្នី |
||
| 245 | _aលទ្ធភាពបំផ្លាញពងស្រឹងនៃពពួកសត្វរំពា និងប៉ារ៉ាស៊ីតនៅស្ថានីយ៍ស្ទឹងមានជ័យ | ||
| 260 |
_aPhnom Penh _bRUA _c1992 |
||
| 300 |
_a62p. _bill. _c29cm. |
||
| 942 |
_2ddc _cAGR |
||
| 999 |
_c127 _d127 |
||